Monarchie – nagła śmierć - Statystyki

Ogólne statystyki
  • Ten quiz został rozwiązany 7 339 razy
  • Średni wynik to 9 z 20
Answers on the Grid
Answers color-coded by a green-red scale on the quiz's grid according to % correct below.
Arabia Saudyjska
Belgia
Bhutan
Dania
Egipt
Eswatini
Finlandia
Francja
Grecja
Haiti
Hiszpania
Holandia
Indie
Indonezja
Japonia
Jordania
Kambodża
Katar
Kuweit
Laos
Liban
Litwa
Malezja
Maroko
Monako
Oman
Peru
Portugalia
San Marino
Szwajcaria
Szwecja
Tajlandia
Watykan
Wielka Brytania
Włochy
 
Statystyki odpowiedzi
Odpowiedź % Poprawnych
Arabia Saudyjska
81%
Dania
75%
Hiszpania
71%
Belgia
70%
Wielka Brytania
61%
Holandia
54%
Monako
50%
Szwecja
49%
Japonia
48%
Bhutan
47%
Katar
44%
Watykan
44%
Kuweit
38%
Jordania
35%
Oman
33%
Tajlandia
32%
Eswatini
30%
Maroko
29%
Kambodża
22%
Malezja
22%
Nie znaleziono quizów pasujących do podanych kryteriów
Rozkład punktacji
Procent ludzi z każdym wynikiem
Percentyl według liczby udzielonych odpowiedzi
Twoja historia wyników
Nie rozwiązałeś tego quizu